| 000 | 00799nam a22002411 4500 | ||
|---|---|---|---|
| 001 | 22724 | ||
| 003 | BD-RjUL | ||
| 005 | 20211209000837.0 | ||
| 008 | 140309s1919 nyu 001 0 eng | ||
| 035 | _a(BD-RjUL)22789 | ||
| 035 | _a(OCoLC)1893419 | ||
| 040 |
_aDLC _cODaTS _dOCoLC _dDLC _dBD-RjUL _beng |
||
| 041 | _aeng | ||
| 082 |
_a201.6 _bSPI 1919 |
||
| 245 | 1 | 4 |
_aThe Spirit : _bthe relation of God and man, considered from the standpoint of recent philosophy and science / _cA. Seth Pringle-Pattison [...et all]. |
| 260 |
_aNew York : _bThe Macmillan Company, _c1919. |
||
| 300 |
_axii., 381 p. ; _c23 cm. |
||
| 650 | 0 |
_aHoly Spirit. _970099 |
|
| 700 | 2 |
_aSeth Pringle-Pattison, A. [...et all]. _q(Andrew), _d1856-1931 _970100 |
|
| 942 |
_2ddc _cBK |
||
| 999 |
_c22724 _d22724 |
||